[Event "BCF-chT4 1516 (4NCL)"]
[Site "England"]
[Date "2016.02.13"]
[Round "5.200"]
[White "Green, Emily"]
[Black "Maydew, Simon"]
[Result "1/2-1/2"]
[WhiteElo "1765"]
[BlackElo "1840"]
[PlyCount "56"]
[EventDate "2015.11.14"]
[EventType "team-swiss"]
[EventRounds "11"]
[EventCountry "ENG"]
[SourceTitle "EXT 2017"]
[Source "ChessBase"]
[SourceDate "2016.10.25"]
[SourceVersion "1"]
[SourceVersionDate "2016.10.25"]
[SourceQuality "1"]
[WhiteTeam "Midland Monarchs II"]
[BlackTeam "Shropshire II"]
[WhiteTeamCountry "ENG"]
[BlackTeamCountry "ENG"]

1. e4 d5 2. exd5 Qxd5 3. Nc3 Qd6 4. Bc4 Nf6 5. d3 a6 6. Nf3 b5 7. Bb3 Bb7 8. Qe2 e6 9. Bd2 Nbd7 10. a3 Be7 11. h3 0-0 12. Rg1 c5 13. g4 Rac8 14. Ng5 Nd5 15. Nge4 Qc6 16. g5 N7b6 17. h4 c4 18. dxc4 Nxc4 19. Bxc4 Qxc4 20. Qxc4 Rxc4 21. f4 Nxc3 22. Nxc3 Bc5 23. Rg3 Bd6 24. Ne2 e5 25. Rd3 Bc7 26. 0-0-0 exf4 27. b3 Re4 28. Nc3 Re6 1/2-1/2